000 00556cam a2200193 a 4500
001 000008036
005 20200929154414.0
008 840411s1969 ve 001 0 spa
040 _aDO-SdBNP
_bspa
_cBNPHU
082 _a863.6
_bR481p
100 1 _aRial, Jose Antonio,
_d1911-
_921944
245 1 3 _aLa prisión de Fyffes :
_bnovela /
_cJose Antonio Rial.
260 _aCaracas :
_bMonte Avila,
_c1969.
300 _a295 p. ;
_c20 cm.
490 1 _aPrisma
650 4 _aNovela española
_91123
650 4 _aLiteratura española
_9632
830 0 _aPrisma
_93770
999 _c7813
_d7813